|
|
|
|
| LEADER |
01000nam a2200253 a 4500 |
| 001 |
230991408 |
| 008 |
101227s2008 enka b 001 0 eng d |
| 999 |
|
|
|c 10243
|d 10243
|
| 020 |
|
|
|a 9781905814343 (pbk.)
|
| 020 |
|
|
|a 1905814348 (pbk.)
|
| 040 |
|
|
|a UKM
|c UKM
|d BTCTA
|d OCLCG
|d BWKUK
|d BWK
|d AZU
|d BD-DhAAL
|
| 082 |
0 |
4 |
|a 775
|2 22
|
| 100 |
1 |
|
|a Freeman, Michael,
|d 1945-
|9 32242
|
| 245 |
1 |
0 |
|a Michael Freeman's 101 top digital photography tips.
|
| 246 |
3 |
0 |
|a 101 top digital photography tips
|
| 260 |
|
|
|a Lewes, UK :
|b Ilex,
|c 2008.
|
| 300 |
|
|
|a 176 p. :
|b col. ill. ;
|c 24 cm.
|
| 504 |
|
|
|a Includes bibliographical references (p. 176) and index.
|
| 526 |
|
|
|a ARC
|
| 541 |
1 |
|
|e 00021631
|
| 650 |
|
0 |
|a Photography
|x Digital techniques.
|9 32243
|
| 852 |
4 |
|
|a Ayesha Abed Library
|c General Shelf.
|
| 942 |
0 |
0 |
|0 2
|2 ddc
|c BK
|
| 952 |
|
|
|0 0
|1 0
|2 ddc
|4 0
|6 775_FRE
|7 0
|9 13690
|a BRACUL
|b BRACUL
|c GEN
|d 2010-12-29
|e Zeenat Book Supply Ltd.
|g 1943.00
|l 27
|m 175
|o 775 FRE
|p 3010021631
|r 2026-05-20
|s 2026-04-20
|t 1
|w 2010-12-29
|y BK
|